Models for writers' short essays for composition (Record no. 25986)

MARC details
000 -LEADER
fixed length control field 00673nam a22002297a 4500
003 - CONTROL NUMBER IDENTIFIER
control field OSt
005 - DATE AND TIME OF LATEST TRANSACTION
control field 20260702152719.0
008 - FIXED-LENGTH DATA ELEMENTS--GENERAL INFORMATION
fixed length control field 260702b |||||||| |||| 00| 0 eng d
020 ## - INTERNATIONAL STANDARD BOOK NUMBER
International Standard Book Number 978-0-312-55217-6
022 ## - INTERNATIONAL STANDARD SERIAL NUMBER
International Standard Serial Number 780312552176
040 ## - CATALOGING SOURCE
Transcribing agency Chuka University Library
050 ## - LIBRARY OF CONGRESS CALL NUMBER
Classification number PE 1417
Item number .R67 2012
100 ## - MAIN ENTRY--PERSONAL NAME
Personal name Rosa Alfred
9 (RLIN) 30185
245 ## - TITLE STATEMENT
Title Models for writers' short essays for composition
260 ## - PUBLICATION, DISTRIBUTION, ETC.
Place of publication, distribution, etc. Boston
Name of publisher, distributor, etc. Bedford
Date of publication, distribution, etc. 2012
300 ## - PHYSICAL DESCRIPTION
Extent xxvii,711P
650 ## - SUBJECT ADDED ENTRY--TOPICAL TERM
Topical term or geographic name entry element College readers
9 (RLIN) 22384
650 ## - SUBJECT ADDED ENTRY--TOPICAL TERM
Topical term or geographic name entry element Report Writing--problems exercises,etc
9 (RLIN) 32743
650 ## - SUBJECT ADDED ENTRY--TOPICAL TERM
Topical term or geographic name entry element English language--Rhetoric
9 (RLIN) 15689
700 ## - ADDED ENTRY--PERSONAL NAME
Personal name Eschholz Paul
9 (RLIN) 30188
942 ## - ADDED ENTRY ELEMENTS (KOHA)
Source of classification or shelving scheme Library of Congress Classification
Koha item type Long Loan Books
Suppress in OPAC No
Holdings
Withdrawn status Lost status Source of classification or shelving scheme Damaged status Not for loan Collection Home library Current library Shelving location Date acquired Source of acquisition Total Checkouts Full call number Barcode Date last seen Price effective from Koha item type
    Library of Congress Classification     General Collection Books Main Campus Library Main Campus Library General Stacks 10/07/2025 Donations from books for Africa   PE 1417 .R67 2012 37163/2026 02/07/2026 02/07/2026 Long Loan Books

Powered by Koha